000 00556cam a22001811a 4500
001 000018315
005 20200929165442.0
008 850312s1959 nyu 000 p esp d
040 _aDO-SdBNP
_bspa
_cDLC
_dBNPHU
082 _aA861.44
_bC921r
100 1 _aCrespo, Conti, Pedro.
_939670
245 1 0 _aRaices melodiosas :
_bpoesías /
_cPedro Crespo Conti.
260 _aNueva York :
_b[s.n.],
_c1959.
300 _a48 p. : ;
_c22 cm.
650 4 _aPoesía argentina
_93859
650 4 _aLiteratura argentina
_93860
910 _aCatalogación por derivada / LC
999 _c17836
_d17836